<The> politics of welfare state reform in continental Europe modernization in hard times

Gespeichert in:
Bibliographische Detailangaben
1. Verfasser: Häusermann, Silja
Format: Buch
Sprache:Englisch
Veröffentlicht: New York Cambridge University Press 2010
Schriftenreihe:Cambridge studies in comparative politics
Schlagworte:
Tags: Tag hinzufügen
Keine Tags, Fügen Sie das erste Tag hinzu!

MARC

LEADER 00000nam a2200000 4500
001 0121554
005 20240306135912.3
020 |a 978-0-521-18368-0 
041 0 |a eng 
044 |a US 
245 1 0 |a <The> politics of welfare state reform in continental Europe  |b modernization in hard times  |c Silja Häusermann 
264 1 |a New York  |b Cambridge University Press  |c 2010 
300 |a 276 s. 
490 1 |a Cambridge studies in comparative politics 
830 0 |a Cambridge studies in comparative politics 
610 2 0 |a politika sociálna 
610 2 0 |a zabezpečenie sociálne 
610 2 0 |a reformy 
610 2 0 |a reformy dôchodkové 
610 2 0 |a penzie 
610 2 0 |a konflikty 
610 2 0 |a porovnanie medzinárodné 
610 2 0 |a Francúzsko 
610 2 0 |a Nemecko 
610 2 0 |a Švajčiarsko 
100 1 |a Häusermann, Silja